00667nam a2200193Ia 4500001000700000003000500007008004100012010001100053040000900064100002900073245012500102260004100227300001000268502007500278650003700353650003100390650003400421650001800455Z_1442CHAP220113s1993 xx 000 0 und d a164531 cCHAP aMota Ramírez, Virginio aDigestibilidad in vivo en ovinos utilizando diferentes niveles de saccharina en la dieta /cpor Virginio Mota Ramírez aChapingo, Méx. :bEl autor,c1993 a35 h. aTesis (Ing. Agr. Esp. en Zootecnia) -- UACH. Departamento de Zootecnia aCaña de azúcar como forraje  7aForrajesxDigestibilidad2 aGanado lanarxAlimentación  at: Saccharina